00593nam a22001697a 4500003000500000038001800005082000800023100003200031245006000063264003300123650004900156700004200205856005800247942001200305999001900317952008700336NUST aNusrat Nadeem a200 aZaidi, Noor-ul-Anne9130782 aOh Fudge; Hobby to Home Business/cNoor-ul-Anne Zaidi,  aIslamabad:bNBS NUST.c2025. aMS- Innovation and Entrepreneurship 9114384 aSupervisor: Dr. Fareesa Malik9114385 u http://10.250.8.41:8080/xmlui/handle/123456789/55157 2ddccSC c614963d614963 00104070aCLbCLcTHEd2025-09-30l0o200pCL-T-7686r2025-09-30w2025-09-30ySC